MDQL
is popping MORE tags! Check the
thread
!
Quizzes
Events
Quiz Creation
Community
Videos
Private Events
Remove Ads
Sign In
Join for FREE
Feedback
Dark Mode
Quiz Categories
Sports
Geography
Music
Movies
Television
Just For Fun
Miscellaneous
History
Literature
Language
Science
Gaming
Entertainment
Religion
Holiday
For Kids
Quiz Lab
Recent
Popular Today
Quiz Kudos Today
Editor Picks
Curator Picks
Quizzes by...
Day
Popularity
Type
Ratings
Length
Year
Community
Subscriptions
Recent Discussions
Orange Saloon
Badges
Playlists
Quests
Create
Leaderboards
Showdown
Live 5
Trivia Bingo
Activity
Puzzle Library
Sporcle Events
Private Events
Virtual Trivia
Globe League
Become a Host
Pub Owners
SporcleCon
Opinionation
Our Games
Videos
Blog
Mobile Apps
Partnerships
Remove Ads and Go Orange
Feedback
Music
Pop Music
The Beatles
Song
Album
Lyrics
Bands
Singers
Artist
Clip
Rock
Rap
Classical
Billboard
Country Music
Kpop
Taylor Swift
Music
Pop Music
The Beatles
Song
Album
Lyrics
Bands
Singers
Artist
Clip
Rock
Rap
Classical
Billboard
Country Music
Kpop
Taylor Swift
Random Quiz
Search Sporcle
×
Quiz Lab
Quiz Lab
Music
Lyrics
Type in answers that appear in a list
Type in answers that appear in a list
Classic
Best Score? Go Orange.
Bo Burnham's 'H-O-A-R' Lyrics Stats
Can you name the Bo Burnham's 'H-O-A-R' Lyrics?
By
u12toym
10m
219 Questions
109 Plays
109 Plays
109 Plays
Comments
Comments
Give Quiz Kudos
Give Quiz Kudos
-
- Ratings
hide this ad
Replay
Link that replays current quiz
Next Quiz
Link to next quiz in quiz playlist
You Got
0%
They Got
Avg Score
86%
Avg Friend Score
Upgrade to see
Score Distribution
Jump to the score distribution portion of the page
Score
0/219
Timer
10:00
0
Plays Today
Lyrics
% Correct
H
99.1%
H
99.1%
A
98.2%
a
98.2%
a
98.2%
a
98.2%
a
98.2%
a
98.2%
O
98.2%
A
98.2%
R
98.2%
a
98.2%
O
98.2%
A
98.2%
R
98.2%
a
98.2%
a
98.2%
a
98.2%
a
98.2%
a
98.2%
a
98.2%
a
98.2%
a
98.2%
A
98.2%
A
98.2%
the
97.2%
the
97.2%
the
97.2%
the
97.2%
I
96.3%
I
96.3%
I
96.3%
I
96.3%
you
95.4%
an
95.4%
you
95.4%
you
95.4%
you
95.4%
be
95.4%
be
95.4%
You
95.4%
you
95.4%
you
95.4%
you
95.4%
for
94.5%
my
94.5%
my
94.5%
for
94.5%
my
94.5%
my
94.5%
my
94.5%
my
94.5%
I'm
93.6%
is
93.6%
is
93.6%
I'm
93.6%
is
93.6%
I'm
93.6%
girl
92.7%
high
92.7%
school
92.7%
guy,
92.7%
and
92.7%
so
92.7%
high,
92.7%
and
92.7%
that
92.7%
And
92.7%
guy
92.7%
that
92.7%
high
92.7%
school
92.7%
girl,
92.7%
Lyrics
% Correct
And
92.7%
so
92.7%
and
92.7%
that
92.7%
that
92.7%
that
92.7%
every
91.7%
every
91.7%
I'll
91.7%
I'll
91.7%
I'll
91.7%
Who
91.7%
capital
91.7%
as
91.7%
I'll
91.7%
I'll
91.7%
Capital
91.7%
skirt
90.8%
With
90.8%
with
90.8%
on
90.8%
With
90.8%
Well,
89.9%
tampon
89.9%
string
89.9%
well
89.9%
****
89.9%
well
89.9%
go
89.9%
Well,
89.9%
Well
89.9%
Well,
89.9%
Well,
89.9%
friend,
89%
bitch
89%
In
89%
in
89%
got
88.1%
little
88.1%
can
88.1%
little
88.1%
little
88.1%
best
88.1%
yeah,
86.2%
then
86.2%
then
86.2%
like
86.2%
yeah
86.2%
like
86.2%
like
86.2%
bend
85.3%
bend
85.3%
me
85.3%
spot
84.4%
more
84.4%
thinks
84.4%
Ashley's
84.4%
few
84.4%
few
84.4%
years
84.4%
wife
84.4%
shirt
83.5%
month
83.5%
Cause
83.5%
might
83.5%
hitting
83.5%
gym
83.5%
hitting
83.5%
'No
83.5%
cause
83.5%
no
83.5%
cause
83.5%
might
83.5%
Lyrics
% Correct
cotton
82.6%
books,
82.6%
from
82.6%
drop
81.7%
see?
81.7%
inside,
81.7%
inside
81.7%
what
80.7%
if
80.7%
if
80.7%
perfect
80.7%
perfect
80.7%
perfect
80.7%
perfect
80.7%
everything
79.8%
needs
79.8%
ass
79.8%
this?
79.8%
life
79.8%
scotch
79.8%
One
79.8%
match.'
79.8%
match
79.8%
match
79.8%
Everyone
78.9%
partying
78.9%
stolen
78.9%
dad
78.9%
hours
78%
feminism
77.1%
brought
77.1%
your
77.1%
man
77.1%
we're
77.1%
we're
77.1%
we're
77.1%
liking
76.1%
to
76.1%
hope
76.1%
juice
76.1%
beauty's
75.2%
does
75.2%
say
75.2%
say
75.2%
know,
74.3%
of
74.3%
I'd
74.3%
'I'd
74.3%
I'd
74.3%
bliss
73.4%
crotch!
73.4%
hassle
73.4%
there's
73.4%
Ignorance
72.5%
hang
72.5%
card,
72.5%
something
72.5%
catch.'
72.5%
out
72.5%
loose
71.6%
bought
71.6%
game
71.6%
baseball
71.6%
guys
70.6%
way,
70.6%
overrated,
69.7%
put
68.8%
guess
68.8%
self-respect's
63.3%
Dignity's
60.6%
fad
59.6%
captial
30.3%
perfact
22%
Quiz Playlist
Details
Report
Send in Message
Add To Playlist
Classic:
Type in answers that appear in a list
Last Updated: Feb 16, 2017
Quiz Scoreboard
CHALLENGE
Sign Up to Join the Scoreboard
Show All
Scores
Hide
Comments
May contain spoilers
Recently Published
Image Sorting: Flags VI
by Barbecue
Geography
2m
Find the 'City' Movie
by crazypaving
Movies
60s
Colored Red Africa Blitz
by spor1
Geography
45s
More to Explore
Quiz From the Vault
Featured Blog Post
14 Easter Pick-up Lines to Find Eggs With
hide this ad
You Might Also Like...
Tags
Lyrics Quiz
Musical Quiz
Song Quiz
Bo Burnham
Comedy
Today's Top Quizzes in Music
Browse Music
hide this ad
Today's Top Quizzes in Lyrics
Browse Lyrics
Top Contributed Quizzes in Music
1
5X2 Blitz: Bands II
2
5X2 Blitz: The Beatles
3
Taylor Swift All Songs (2024)
4
5X2 Blitz: Billboard
5
5X2 Blitz: Billboard II
6
5X2 Blitz: Album
7
5X2 Blitz: Rock
8
5X2 Blitz: Singers
9
Taylor Swift Logic Puzzle II
10
5X2 Blitz: Lyrics
Explore More
Trending Topics
NBA
Harry Potter
Kpop
Crossword
Marvel
Anime
Disney
Puzzle
WWE
Soccer
Country
Song
The Office
NFL
Pokémon
hide this ad
More By:
u12toym
Quiz
Plays
Rating
Category
Featured
Created
Periodic Table Minefield
3,540
5.00
Science
Nov 22, 2016
Bo Burnham's 'Kill Yourself' Lyrics
1,516
4.70
Music
Feb 9, 2017
50 Countries by Longest Coastline
984
3.25
Geography
Feb 6, 2017
Bo Burnham's 'Are You Happy?' Lyrics
828
5.00
Music
Feb 8, 2017
British Overseas Territories
398
3.00
Geography
Dec 14, 2016
Go to Creator's Profile
Score Distribution
Quiz Creator Spotlight
u12toym
Follow
Send a Message
Quizzes Created
-
Created Quiz Play Count
-
More By This Creator
Popular Quizzes Today
1
Colored Red Africa Blitz
2
Find the US States - No Outlines Minefield
3
Find the 'City' Movie
4
5x2 Blitz: Bands
5
The Countries of the World
6
Find the US States
7
Find the Countries of Europe - No Outlines Minefield
8
US States
More Music Quizzes
'70's Rock Bands A-Z
Curator's Pick
Trending Quizzes
Colored Red Europe Blitz I
Colored Red Europe Blitz II
Colored Red Africa Blitz II
Colored Red Europe Blitz III
Colored Red Africa Blitz III
Recently Updated
How Do You Spell That?
pecheneg
Godzilla Movies
pecheneg
Grab Bag: 4-10 Letters
pecheneg
2024 March Madness Bracket
pecheneg
Famous TV Couples
Peacemaker
Champions League XIs: Real Madrid
pecheneg
Largest US Cities 1790-2010
pecheneg
Rides in Walt Disney World
pecheneg
Most Oscar Losses (Acting)
pecheneg
Beyoncé Albums
pecheneg
Trending Topics
Crossword
Kpop
Marvel
Harry Potter
Disney
NBA
Anime
WWE
Country
NFL
Pokémon
Song
The Office
Soccer
Puzzle
Your Account Isn't Verified!
In order to create a playlist on Sporcle, you need to verify the email address you used during registration. Go to your
Sporcle Settings
to finish the process.
Report this User
Report this user for behavior that violates our
Community Guidelines
.
Details:
Send Report
Go to the Sporcle.com Mobile Site →
Comments